Etica y psicoanálisis
Saved in:
| Main Author: | |
|---|---|
| Format: | Book |
| Language: | Spanish |
| Published: |
Ciudad de México
Fondo de Cultura Económica
1990
|
| Series: | Breviarios del Fondo de Cultura Económica, 74
|
| Subjects: | |
| Tags: |
Add Tag
No Tags, Be the first to tag this record!
|
MARC
| LEADER | 00000nam a2200000 a 4500 | ||
|---|---|---|---|
| 001 | UCW6354 | ||
| 003 | CL-VaPUC | ||
| 008 | 911125e19900000MX |||||||||||||||||spa|d | ||
| 082 | 0 | 4 | |a 150.195 |b FRO |2 21 |
| 100 | 0 | |a Fromm, Erich |e author |9 311412 | |
| 245 | 1 | 0 | |a Etica y psicoanálisis |
| 300 | |a 278 p | ||
| 942 | |c BK | ||
| 945 | |d 19911125 00:00:00 | ||
| 260 | |a Ciudad de México |b Fondo de Cultura Económica |c 1990 | ||
| 650 | 0 | |a Ética |9 255099 | |
| 650 | 0 | |a Psicoanálisis |9 265702 | |
| 583 | |a last modification |c 19911125 00:00:00 |k Rodrigo Vera | ||
| 490 | 0 | |a Breviarios del Fondo de Cultura Económica, 74 | |
| 999 | |c 219443 |d 219441 | ||
| 952 | |0 0 |1 0 |4 0 |6 150_195000000000000_FRO_1990 |7 0 |8 A |9 210375 |a BIBEDU |b BIBEDU |d 2019-11-15 |i 2784823 |o 150.195 FRO 1990 |p 2784823 |r 2019-11-15 |w 2019-11-15 |y BK |k EDU | ||
| 952 | |0 0 |1 0 |4 0 |6 150_195000000000000_FRO_1990 |7 0 |8 A |9 210376 |a BIBEDU |b BIBEDU |d 2019-11-15 |i 2784831 |o 150.195 FRO 1990 |p 2784831 |r 2019-11-15 |w 2019-11-15 |y BK |k EDU | ||